000 00281nam a22001337a 4500
008 181101b xxu||||| |||| 00| 0 eng d
020 _a0716702452
041 _aeng
080 _a910
100 _a42
101 _aGJEO
245 _aOre Deposits
_cPark, Ch. F
942 _2udc
_cBK
999 _c51543
_d51543